000
00291nam a22001217a 4500
020
_a
8171413439
082
_a
331.89 DEW
100
_a
Dewan, J M and K N Sundarshan
245
_a
Labour management
260
_a
New Delhi
_b
Discovery publishing house
_c
1996
300
_a
264p
942
_c
BK
999
_c
3508
_d
3508